Sports Quiz

Random Sports or MLB Quiz

MLB 3,000 Hits, No Batting Title Quiz Stats

 Plays Quiz Updated Oct 1, 2019

Support Sporcle.
Go Orange.
Score 0/12 Timer 03:00
1 Play Today
Hits Player % Correct
3,465Derek Jeter
97.5%
3,184Cal Ripken Jr.
91.2%
3,060Craig Biggio
85.4%
3,142Robin Yount
83.5%
3,166Adrián Beltré
80.4%
3,055Rickey Henderson
73.7%
3,319Paul Molitor
73.5%
3,255Eddie Murray
73%
3,020Rafael Palmeiro
64.7%
3,023Lou Brock
55.9%
3,110Dave Winfield
51.6%
3,315Eddie Collins
28.5%

You're not logged in!

Compare scores with friends on all Sporcle quizzes.
OR
Log In

From the Vault

Sean Penn Movies

by Ben

Whoever thought that Jeff Spicoli would win the Oscar...twice!
Remove Ads.
Support Sporcle.
Get the best of Sporcle when you Go Orange. This ad-free experience offers more features, more stats, and more fun while also helping to support Sporcle. Thank you for becoming a member.

Show Comments

Extras

Top Quizzes Today


Score Distribution

Your Account Isn't Verified!

In order to create a playlist on Sporcle, you need to verify the email address you used during registration. Go to your Sporcle Settings to finish the process.

Report this User

Report this user for behavior that violates our Community Guidelines.

Details: